=LDR 00000nam 2200000 4500 =001 INLIS000000000000396 =005 20240425023554 =035 ##$$a 0010-061300000000396 =008 240425################g##########0#ind## =041 ##$$a Ind =082 ##$$a 784.624 =090 ##$$a 784.624 Sub e =100 ##$$a Subilarso, Gin =245 1#$$a 45 kumpulan lagu anak-anak /$c Gin Subilarso =260 ##$$a Jakarta :$b Grasindo,$c 1991 =300 ##$$a vii, 71 hlm. : $b ilus. ; $c 28 cm =650 #4$$a Nyanyian Kanak-kanak =850 ##$$a NBPNMAT =084 ##$$a 784.624 SUB e =990 ##$$a AN99000216 =990 ##$$a AN99000217 =990 ##$$a 00056017